00757nam a2200217 a 4500008004100000020003200041040002500073041001300098044001100111080001200122100002800134245010400162250001300266260004900279300002800328490003400356500006400390700002600454700003100480700002800511951121s1987||||[C 0 slo c c34 Kčs. q(18000 výtl.) aSNKbslocSNKeAACR21 aslohcze axocSK a885.0-31 aLiška, Antonín4aut10aAko sa plaší smrťcAntonín Liška ; Zemka Jaurová, Zdeněk Šmoldas, Otokar Bachorík a1., vyd. aBratislavabPravdac1987eBratislavafPravda a383 s., 20,30 AHc20 cm0 aČlenská knižnica Pravda aIlustr. na tit. liste, front. a predsádkach. Vysvetlivky.1 aJaurová, Zemka4trl1 aŠmoldas, Zdeněk4[ADC]1 aBachorík, Otokar4bkd